Atalanta - Tous les joueurs de 2010 à 2025 - Statistiques

Statistiques générales
  • Ce quiz a été pris 46 fois
    24 depuis la dernière actualisation
  • Le résultat moyen est 29 sur 210
Statistiques - réponses
Saisons Nationalité Joueur Nombre
De Matchs
Poste % Correct
2022 - Nigéria AdemolaLookman 118 A
83%
2021 - Italie DavideZappacosta 185 D/M
83%
2018 - 2023 Colombie DuvanZapata 191 A
83%
2017 - 2022 Slovénie JosipIlicic 173 M/A
75%
2018 - Croatie MarioPasalic 298 M
75%
2014 - 2021 Argentine PapuGomez 252 A
75%
2015 - 2025 Italie RafaelToloi 313 D
75%
2023 - Italie GianlucaScamacca 45 A
67%
2019 - 2024 Colombie LuisMuriel 184 A
67%
2015 - 20162017 - Pays - Bas MarteenDe Roon 395 M
67%
2015 - 2022 Suisse RemoFreuler 260 M
67%
2017 - 2022 Allemagne RobinGosens 157 D/M
67%
2019 - 2023 Ukraine RuslanMalinovskyi 143 M
67%
2023 - Bosnie SeadKolasinac 77 D
67%
2015 - 20162018 - Albanie BeratDjimsiti 287 D
58%
2023 - Belgique CharlesDe Ketelaere 100 M/A
58%
2020 - 2021 Argentine CristianRomero 42 D
58%
2022 - Brésil Ederson 139 M
58%
2021 - Italie GiorgioScalvini 107 D
58%
2016 - 2024 Pays - Bas HansHateboer 245 D/M
58%
2021 - 2024 Argentine JuanMusso 99 G
58%
2024 - 2025 Italie MateoRetegui 49 A
58%
2020 - 20212022 - 2025 Italie MatteoRuggeri 109 D/M
58%
2021 - 2024 Pays - Bas TeunKoopmeiners 129 M
58%
2023 - Suède IsakHien 68 D
50%
2024 - 2025 Colombie JuanCuadrado 32 M
50%
2023 - Italie MarcoCarnesecchi 76 G
50%
2013 - 20142016 - 2018 2019 - 2021 Italie MattiaCaldara 93 D
50%
2021 - 2023 Turquie MerihDemiral 70 D
50%
2022 - 2023 Danemark RasmusHojlund 34 A
50%
2016 - 2017 CoteD'Ivoire FranckKessie 31 M
42%
2019 - 20202024 - Italie RaoulBellanova 46 D/M
42%
2020 - 20222023 - 2024 Russie AlekseyMiranchuk 98 M
33%
2016 - 2019 Albanie EtritBerisha 91 G
33%
2024 - 2025 Potugal RuiPatricio 6 G
33%
2016 - 2018 Italie AndreaPetagna 75 A
25%
2024 - Italie DanielMaldini 11 M/A
25%
2023 - 2024 Mali El BilalTouré 17 A
25%
2016 - Italie FrancescoRossi 8 G
25%
2007 - 2014 Italie GiacomoBonaventura 135 M
25%
2024 - 2025 Ghana IbrahimSulemana 10 M
25%
2017 - 2024 Argentine Jose LuisPalomino 225 D
25%
2023 - 2024 Pays - Bas MitchelBakker 22 D/M
25%
2017 - 2020 Gambie MusaBarrow 52 A
25%
2024 - 2025 Italie NicoloZaniolo 23 M
25%
2024 - CoteD'Ivoire OdilonKossounou 23 D
25%
2016 - 2021 Italie PierluigiGollini 112 G
25%
2010 - 2011 Italie SamueleDalla Bonna 1 M
25%
2017 - 2020 Belgique TimothyCastagne 96 D/M
25%
2020 - 2021 Ukraine ViktorKovalenko 1 M
25%
2017 - 2018 Danemark AndreasCornelius 35 A
17%
2016 - 2018 Italie BryanCristante 59 M
17%
2023 - 2024 Suéde EmilHolm 32 D
17%
2017 - 2019 Italie GianlucaMancini 48 D
17%
2021 - 2022 Italie GiuseppePezzella 29 D
17%
2021 - 2023 CoteD'Ivoire JeremieBoga 47 A
17%
2020 - 2023 Danemark JoakimMaehle 96 D
17%
2024 - Allemagne LazarSamardzic 43 M
17%
2014 - 20152016 - 2018 Italie LeonardoSpinazzola 62 D/M
17%
2024 - Italie MarcoBrescianini 38 M
17%
2013 - 20172019 - 2023 2025 - Italie MarcoSportiello 137 G
17%
2012 - 2014 Croatie MarkoLivaja 34 A
17%
2013 - 20142015 - 2017 Italie RobertoGagliardini 16 M
17%
2018 - 2020 Brésil RogerIbanez 2 D
17%
2019 - 2020 Danemark SimonKjaer 6 D
17%
2016 - 2017 Italie AlbertoPaloschi 14 A
8%
2016 - 2018 Italie AlessandroBastoni 9 D
8%
2019 - 2021 CoteD'Ivoire AmadDiallo 5 A
8%
2008 - 2014 Italie AndreaConsigli 201 G
8%
2015 - 2017 Italie AndreaConti 50 D/M
8%
2011 - 2020 Italie AndreaMasiello 187 D
8%
2014 - 2017 Sénégal BoukaryDramé 68 D
8%
2022 - 2023 France BrandonSoppy 16 D
8%
2013 - 2015 Italie DanieleBaselli 55 M
8%
2018 - 2019 Suède DejanKulusevski 3 A
8%
2016 - 2017 Bosnie ErvinZukanovic 19 D
8%
2011 - 2013 Italie EzequielSchelotto 56 D/M
8%
2015 - 2016 Italie GabrielPaletta 24 D
8%
2011 - 2016 Argentine GermanDenis 158 A
8%
2015 - 2018 Slovénie JasminKurtic 92 M
8%
2011 - 2012 Italie ManoloGabbiadini 26 A
8%
2023 - 2025 Italie MarcoPalestra 16 M
8%
2013 - 2014 Colombie MarioYepes 26 D
8%
2018 - 20192020 - 2022 Italie MatteoPessina 96 M
8%
2023 - 2024 France MichelAdopo 11 M
8%
2021 - 20222023 - 2024 Guinée MoustaphaCissé 4 A
8%
2022 - 2024 Italie NadirZortea 17 D/M
8%
2000 - 20042014 - 2015 Italie RolandoBianchi 47 A
8%
2014 - 2015 Italie SalvatoreMolina 5 M
8%
2020 - 2021 Pays - Bas SamLammers 19 A
8%
2007 - 2012 Italie SimonePadoin 162 D/M
8%
2021 - 2022 Roumanie ValentinMihaila 7 A
8%
2024 - 2025 Serbie VanjaVlahovic 3 A
8%
2016 - 2017 France AbdoulayKonko 11 D/M
0%
2019 - 2020 France AdrienTameze 9 M
0%
2021 - 2022 CoteD'Ivoire AlassaneSidibe 1 M
0%
2014 - 2017 Italie AlbertoGrassi 38 M
0%
2024 - Italie AlbertoManzoni 2 M
0%
2016 - 2017 Serbie AleksandarPesic 7 A
0%
2011 - 2012 Italie AlessandroCarrozza 12 A
0%
2015 - 2016 Italie AlessandroDiamanti 16 M
0%
2018 - 2019 Irak AliAdnan 4 D
0%
2016 - 2017 France AnthonyMounier 5 A
0%
2012 - 2013 Italie AntonioPalma 1 M
0%
2018 - 2019 Pologne ArkadiuszReca 5 D
0%
2024 - 2025 Angleterre BenGodfrey 5 D
0%
2015 - 2016 Serbie BorisRadunovic 1 G
0%
2019 - 2021 Croatie BoskoSutalo 16 D
0%
2016 - 2017 Equateur BryanCabezas 1 A
0%
2022 - 2023 Italie CalebOkoli 17 D
0%
2010 - 2017 Chili CarlosCarmona 161 M
0%
2012 - 2013 Argentine CarlosMatheu 6 D
0%
2016 - 2017 Italie ChristianCapone 1 A
0%
2011 - 2014 Italie CiroPolito 7 G
0%
2013 - 2014 Roumanie ConstantinNica 10 D
0%
2010 - 2017 Italie CristianRaimondi 133 D/M
0%
2012 - 2015 Italie CristianoDel Grosso 46 D/M
0%
1998 - 20032006 - 2011 Italie CristianoDoni 323 M
0%
2020 - 2021 Italie CristianoPiccini 1 D
0%
2004 - 20062007 - 2013 Italie DanieleCapelli 130 D
0%
2015 - 2017 Italie DavideBassi 2 G
0%
2012 - 2013 Italie DavideBiondini 24 M
0%
2012 - 20142015 - 2016 Italie DavideBrivio 62 D
0%
2020 - 2021 Italie DavideGhislandi 1 M
0%
2019 - 2020 Gambie EbrimaColley 5 A
0%
2009 - 2011 Paraguay EdgarBarreto 34 M
0%
2018 - 2019 Argentine EmilianoRigoni 12 A
0%
2020 - 2021 Italie EmmanuelGyabuaa 1 M
0%
2016 - 2017 CoteD'Ivoire EmmanuelLatte Lath 3 A
0%
2011 - 2012 Italie FabioCaserta 2 M
0%
2009 - 2011 Italie FabioCeravolo 48 A
0%
2012 - 2013 Argentine FacundoParra 16 A
0%
2024 - Italie FedericoCassa 2 M
0%
2008 - 2013 Italie FedericoPeluso 115 D
0%
2006 - 2012 Brésil FerreiraPinto 152 A
0%
2016 - 2017 Italie FilippoMelegoni 1 M
0%
2010 - 2011 Italie FrancescoRuopolo 33 A
0%
2012 - 2014 Italie FrancoBrienza 24 M
0%
2015 - 2016 Italie GaetanoMonachello 11 A
0%
2010 - 2011 Italie GennaroDelvecchio 15 M
0%
2013 - 2014 Italie GianlucaBarba 1 M
0%
1998 - 2016 Italie GianpaoloBellini 435 D
0%
2021 - 2022 Italie GiorgioCittadini 3 D
0%
2010 - 2015 Italie GiorgioFrezzolini 8 G
0%
2023 - 2024 Italie GiovanniBonfanti 3 D
0%
2013 - 2017 Italie GiulioMigliaccio 66 M
0%
2014 - 2015 Italie GiuseppeBiava 21 D
0%
2012 - 2014 Italie GiuseppeDe Luca 40 A
0%
2011 - 2017 Italie GuglielmoStendardo 119 D
0%
2010 - 2014 Italie GuidoMarilungo 47 A
0%
2019 - 2020 Brésil GuilhermeArana 4 D
0%
2012 - 2013 Croatie IgorBudan 2 A
0%
2009 - 20112012 - 2013 Serbie IvanRadovanovic 33 M
0%
2019 - 2020 Italie JacopoDa Riva 2 M
0%
2012 - 2013 Australie JamesTroisi 8 M
0%
2013 - 2014 Suède JoakimOlausson 1 M
0%
2017 - 2018 Brésil JoaoSchmidt 1 M
0%
2020 - 2021 Colombie JohanMojica 13 D/M
0%
2019 - 2020 Allemagne LennartCzyborra 1 D/M
0%
2023 - 2024 Italie LeonardoMendicino 2 M
0%
2010 - 2012 Italie LeonardoPettinari 20 A
0%
2006 - 2011 Argentine LeonardoTalamonti 87 D
0%
2012 - 2015 Argentine LionelScaloni 17 D
0%
2014 - 2015 Italie LorenzoRosseti 2 A
0%
2008 - 20092011 - 2016 Italie LucaCigarini 182 M
0%
2017 - 2018 Italie LucaRizzo 1 M
0%
2018 - 2019 Italie LucaValzania 4 M
0%
2017 - 2018 Italie LucaVido 4 A
0%
2012 - 20142015 - 2016 Italie LuigiGiorgi 18 M
0%
2022 - 2023 RépubliqueTchèque LukasVorlicky 3 M
0%
2010 - 2011 Danemark MagnusTroest 25 D
0%
2010 - 2011 Italie Marcello Possenti 1 D
0%
2013 - 2016 Paraguay MarceloEstigarribia 27 M
0%
2015 - 2016 Italie MarcoBorriello 15 A
0%
2014 - 2017 Italie MarcoD'Alessandro 80 A
0%
2018 - 2019 Italie MarcoTumminello 3 A
0%
2004 - 20092010 - 2011 Italie MarinoDefendi 83 D/M
0%
2013 - 2014 Italie MarioPugliese 1 M
0%
2011 - 2012 Italie MassimoMutarelli 1 M
0%
2010 - 2011 Italie MatteoArdemagni 17 A
0%
2011 - 2012 Italie MatteoBrighi 11 M
0%
2012 - 2013 Italie MatteoContini 3 D
0%
2010 - 2011 Italie MatteoGentili 2 D
0%
2021 - 2022 Italie MatteoLovato 7 D
0%
2012 - 2013 Italie MatteoScozzarella 5 M
0%
2014 - 2017 Chili MauricioPinilla 39 A
0%
2011 - 2016 Argentine MaxiMoralez 148 M
0%
2012 - 2014 Italie MicheleCanini 21 D
0%
2010 - 2013 Italie MicheleFerri 32 D
0%
2010 - 2011 Albanie MigjenBasha 25 M
0%
2013 - 2014 CoteD'Ivoire MoussaKoné 11 M
0%
2011 - 2012 Italie NadirMinotti 3 M
0%
2009 - 2011 Italie NicolaMadonna 8 D/M
0%
2017 - 2018 Suisse NicolasHaas 11 M
0%
2011 - 2014 Italie RiccardoCazzola 44 M
0%
2017 - 2018 Italie RiccardoOrsolini 10 A
0%
2014 - 2015 Ghana RichmondBoakye 22 A
0%
2018 - 20192021 - 2022 Italie RobertoPiccoli 15 A
0%
2013 - 2014 Uruguay RubenBentancourt 3 A
0%
2010 - 2011 Croatie SasaBjelanovic 10 A
0%
2015 - 2016 Togo SergeGakpé 5 A
0%
2009 - 2012 Italie SimoneTiribocchi 86 A
0%
2024 - 2025 Autriche StefanPosch 8 D
0%
2011 - 2014 Italie StefanoLucchini 71 D
0%
2007 - 2013 Italie ThomasManfredini 141 D
0%
2023 - 2025 Italie TommasoDel Lungo 1 D
0%
2021 - 2025 Italie TommasoDe Nipoti 3 A
0%
2014 - 2015 Pays - Bas UrbyEmanuelson 9 M
0%
2014 - 2015 Serbie VladaAvramov 3 G
0%
2013 - 2015 Tunisie YohanBenalouane 47 D
0%
Aucun quiz correspondant
Distribution des résultats
% des personnes avec chaque résultat
Percentile par nombre de réponses
Votre historique - résultats
Vous n’avez pas pris ce quiz depuis la dernière actualisation